000 00593nam a22001697a 4500
003 OSt
005 20171010095514.0
008 120813t xxu||||| |||| 00| 0 eng d
040 _aMMSU
_cULS
100 _aMina, Shirley B.
_912140
245 _aThe Development of an english language placement test for higher education institutions
_cShirley B. Mina
260 _c1999
300 _axxii, 222 leaves
_c28 cm.
500 _aThesis (Ed.D.-Educational Management) -- Mariano Marcos State University-Graduate School, Laoag City
504 _aBibliography: leaves 157-163
942 _2ddc
_cTHEDIS
999 _c9719
_d9719